| 000 | 00478nam a2200181 4500 | ||
|---|---|---|---|
| 003 | SEACOMEC | ||
| 005 | 20240403153304.0 | ||
| 008 | 231005b |||||||| |||| 00| 0 eng d | ||
| 020 | _crS. 120.00 | ||
| 040 | _aSEACOMEC | ||
| 082 |
_a005.133 _bU67 |
||
| 100 | 1 | _aUpadhyay, S.P. | |
| 245 | 1 |
_aIntroduction to pointers in C _cS.P. Upadhyay |
|
| 260 |
_aDelhi _bDhanpat Rai _c2004 |
||
| 650 | _aComputer programming, programs, data | ||
| 650 | _aProgramming languages | ||
| 942 | _cBOOK | ||
| 999 |
_c99 _d99 |
||